Powiat makowski w dobie reform agrarnych XIX wieku
| Titel: | Powiat makowski w dobie reform agrarnych XIX wieku / Waldemar Łątkowski |
|---|---|
| Verfasser: | |
| Veröffentlicht: | Maków Mazowiecki : Powiat Makowski, 2016 |
| Umfang: | 127 Seiten : Illustrationen ; 24 cm |
| Format: | Buch |
| Sprache: | Polnisch |
| ISBN: | 8394337511 ; 9788394337513 |
alg: 40589708 001A $03004:19-07-17 001B $03004:23-10-17 $t16:10:15.000 001C $03004:19-07-17 $t13:50:19.000 001D $03004:23-10-17 001U $0utf8 001X $00 002@ $0Aau 002C $aText $btxt $2rdacontent 002D $aohne Hilfsmittel zu benutzen $bn $2rdamedia 002E $aBand $bnc $2rdacarrier 003@ $0405897081 004A $083-943375-1-1 004A $A978-83-943375-1-3 006C $0971440415 $aOCoLC 007A $0405897081 $aHEB 010@ $apol 010E $erda 011@ $a2016 021A $aPowiat makowski w dobie reform agrarnych XIX wieku $hWaldemar Łątkowski 028A $BVerfasser $4aut $71136280022 $8Łątkowski, Waldemar$Z1940- [Tp3] $9404899560 033A $pMaków Mazowiecki $nPowiat Makowski 034D $a127 Seiten 034I $a24 cm 034M $aIllustrationen 037A $aLiteraturverzeichnis Seite 84-85 044A $aReforma rolna $2jhpk $S7 $y19 w. $zPolska $zMaków Mazowiecki (region) 044K $74605956-8 $8Maków Mazowiecki [Tg1] $9093624662 044K $RAgrarpolitik $RBodenreform $#Land reform $#Réforme agraire $#Reforma agraria $#agrarian reform $#Agrarreform $#Agrarreform $#Landreform $#Agrarverfassung Reform $74000776-5 $8Agrarreform [Ts1] $908499245X 045R $aGeschichte 1800-1900 lok: 40589708 24 exp: 40589708 24 1 #EPN 201B/01 $023-10-17 $t16:13:38.000 201C/01 $019-07-17 201U/01 $0utf8 203@/01 $01004588674 208@/01 $a23-10-17 $bz 209A/01 $a17.06371 $du $f050 $h17 06371 $x00 209C/01 $a17.06371 K $h17 06371 K 209G/01 $a73979323 $x00 220C/01 $aho-sz 247C/01 $8358050-7Marburg, Bibliothek des Herder-Instituts Marburg $9102600961
| LEADER | 00000cam a2200000 c 4500 | ||
|---|---|---|---|
| 001 | 405897081 | ||
| 003 | DE-603 | ||
| 005 | 20171023161015.0 | ||
| 007 | tu | ||
| 008 | 170719s2016 xx |||| | u00||u|pol c | ||
| 020 | |a 8394337511 | ||
| 020 | |a 9788394337513 | ||
| 035 | |a (DE-599)HEB405897081 | ||
| 040 | |a DE-603 |b ger |c DE-603 |d DE-603 |e rda | ||
| 041 | |a pol | ||
| 100 | 1 | |a Łątkowski, Waldemar |d 1940- |e Verfasser |4 aut |0 (DE-603)404899560 |0 (DE-588)1136280022 |2 gnd | |
| 245 | 0 | 0 | |a Powiat makowski w dobie reform agrarnych XIX wieku |c Waldemar Łątkowski |
| 264 | 1 | |a Maków Mazowiecki |b Powiat Makowski |c 2016 | |
| 300 | |a 127 Seiten |b Illustrationen |c 24 cm | ||
| 336 | |a Text |b txt |2 rdacontent | ||
| 337 | |a ohne Hilfsmittel zu benutzen |b n |2 rdamedia | ||
| 338 | |a Band |b nc |2 rdacarrier | ||
| 500 | |a Literaturverzeichnis Seite 84-85 | ||
| 648 | 7 | |a Geschichte 1800-1900 |2 gnd | |
| 650 | 7 | |a Agrarreform |0 (DE-588)4000776-5 |0 (DE-603)08499245X |2 gnd | |
| 651 | 7 | |a Maków Mazowiecki |0 (DE-588)4605956-8 |0 (DE-603)093624662 |2 gnd | |
| 924 | 0 | |9 Mb 50 |a (DE-603)1004588674 |b DE-Mb50 |c HES |d c |g 17.06371 | |


